Leftwing literature in Japan

সংরক্ষণ করুন:
গ্রন্থ-পঞ্জীর বিবরন
প্রধান লেখক: Shea, George Tyson
বিন্যাস: গ্রন্থ
ভাষা:Undetermined
প্রকাশিত: Tokyo Hosei University Press 1964
বিষয়গুলি:
ট্যাগগুলো: ট্যাগ যুক্ত করুন
কোনো ট্যাগ নেই, প্রথমজন হিসাবে ট্যাগ করুন!
Thư viện lưu trữ: Trung tâm Học liệu Trường Đại học Cần Thơ
LEADER 00597nam a2200217Ia 4500
001 CTU_113484
008 210402s9999 xx 000 0 und d
020 |c 1692000 
082 |a 895.6 
082 |b S539 
100 |a Shea, George Tyson 
245 0 |a Leftwing literature in Japan 
245 0 |c George Tyson Shea 
260 |a Tokyo 
260 |b Hosei University Press 
260 |c 1964 
650 |a Japanese literature,Socialism in literature 
650 |x History and criticism 
650 |y 20th century 
904 |i Giang 
980 |a Trung tâm Học liệu Trường Đại học Cần Thơ